000 00637cam a22002293a 4500
001 2889
003 PGUSA
005 20140828083022.0
008 011001s2001||||xxu|||||s|||||000 1 eng d
040 _aPGUSA
_beng
042 _adc
050 4 _aPT
100 1 _aBall, Hugo,
_d1886-1927
245 1 0 _aFlametti :
_boder vom Dandysmus der Armen
_h[electronic resource] /
_cHugo Ball
260 _bProject Gutenberg,
_c2001
506 _aPublic domain in the USA.
516 _aElectronic text
653 _aSwitzerland -- Fiction
830 0 _aProject Gutenberg
_v2889
856 4 0 _uhttp://www.gutenberg.org/ebooks/2889
942 _cEB
999 _c232219
_d232219